Most Popular Landmarks Around The World - Statistics

General Stats
  • This quiz has been taken 523 times
  • The average score is 10 of 15
Answer Stats
# Hint Answer % Correct
1 Gift from France to the USA Statue of Liberty
98%
9 A palace in India. Taj Mahal
89%
13 Leaning. Tower of Pisa
89%
5 Mummies were buried here. Pyramids of Giza
85%
2 Located in the City of Love Eiffel Tower
82%
12 Tallest hotel, located in Dubai. Burj al Arab Hotel
77%
8 Able to be seen from space. Great Wall of China
75%
11 Famous bell tower. Big Ben
72%
10 An Incan empire. Machu Picchu
68%
14 Symbolic statue to Christianity. Christ The Redeemer
67%
15 Symbolic to Islam. (pilgramage) Mecca
66%
4 Has no nose. (Meow) Sphinx
64%
3 Located In the Largest Country St. Basil’s Cathedral
49%
6 "Under the sea." (Ariel) Little Mermaid
46%
7 Renewable Energy. Holland Windmills
17%
No matching quizzes found
Score Distribution
Percent of People with Each Score
Percentile by Number Answered
Your Score History
You have not taken this quiz